00398nam a2200157Ia 4500003000400000008004100004040001600045082001300061100001800074245003600092260003900128300001100167490002500178650001500203650002200218GCL140319s9999 xx 000 0 eng d aGCL / cGCL04a843bJ R1 aJEAN, COCTEAU10aROMAN\POESIES / cJEAN, COCTEAU a[S.N] : bLA POCHOTHEQUE ، c1995 a1406 P aLE LIVRE DE POCHEv004aLITERATURE04aFRENCH LITERATURE